01979nam a2200469Ia 4500001000900000003000500009005001700014008004100031010001100072020001800083040000900101082001900110100003100129245018700160250001100347260003500358300001600393500004500409503000800454504002800462590001900490650003500509650003200544650003700576650004000613650003700653650002700690650002500717650003500742700004700777700004800824700004300872901001900915902000600934905006300940942001501003999001901018952011201037952011201149952012401261952012401385dia_3476CHAP20251027153654.0220117s1990 xx 000 0 und d a173939 a968-6223-26-6 cCHAP a658.5 N54 1990 aNiebel, Benjamin W.981218 aIngeniería industrial : métodos, tiempos y movimientos /c Benjamin W. Niebel ; traducción Francisco Paniagua Bocanegra, Ma. Dolores García Díaz y Cristina Rybbert Thennet a3a ed. aMéxico :b Alfaomega,c1990 axii, 814 p. aTítulo original: Motion and time study aC/e aIncluye bibliografías aT60.7 N54 1990 aEstudio de movimiento 938503 aEstudio de tiempos 938504 aIngeniería industrial 958257 aSalarios y remuneración 9154736 aIndustrial engineering 9153161 aMotion study 9147129 aTime study 9147130 aWages and remuneration9154737 aGarcía Díaz, Ma. Dolores, tr. 9154738 aPaniagua Bocanegra, Francisco, tr. 9150818 aRybbert Thennet, Crustina, tr.9154739 a658.5 N54 1990 aM a5232271990 MX aimn8222223322SPA16 cLIBRO2ddc c173939d173939 00102ddc40708GRALaIA_bIA_c1d2022-01-18f1l0pdia_003865r2022-01-18 00:00:00t3w2022-01-18yLIBRO 00102ddc40708GRALaIA_bIA_c1d2022-01-18f1l0pdia_003744r2022-01-18 00:00:00t1w2022-01-18yLIBRO 00102ddc40708GRALaIA_bIA_c1d2022-01-18f1l1pdia_003745r2024-05-24 00:00:00s2024-05-24t2w2022-01-18yLIBRO 00102ddc40708GRALaIA_bIA_c1d2022-01-18f1l3pdia_003747r2025-05-20 18:49:37s2025-05-20t4w2022-01-18yLIBRO